LEADER 02583nam 2200661Ia 450 001 9910450482603321 005 20200520144314.0 010 $a1-281-03556-4 010 $a0-08-048952-4 035 $a(CKB)1000000000246657 035 $a(EBL)254834 035 $a(OCoLC)437163444 035 $a(SSID)ssj0000738042 035 $a(PQKBManifestationID)11378496 035 $a(PQKBTitleCode)TC0000738042 035 $a(PQKBWorkID)10788302 035 $a(PQKB)10546805 035 $a(SSID)ssj0000219397 035 $a(PQKBManifestationID)11186921 035 $a(PQKBTitleCode)TC0000219397 035 $a(PQKBWorkID)10228623 035 $a(PQKB)10774358 035 $a(MiAaPQ)EBC254834 035 $a(Au-PeEL)EBL254834 035 $a(CaPaEBR)ebr10110285 035 $a(CaONFJC)MIL103556 035 $a(OCoLC)935230497 035 $a(EXLCZ)991000000000246657 100 $a20060112d2006 uy 0 101 0 $aeng 135 $aur|n|---||||| 181 $ctxt 182 $cc 183 $acr 200 00$aPenetration tester's open source toolkit$b[electronic resource] /$fJohnny Long ... [et al.] ; foreword by Max Moser 210 $aRockland, MA $cSyngress Pub.$d2006 215 $a1 online resource (736 p.) 300 $aIncludes index. 311 $a1-59749-021-0 330 $aPenetration testing a network requires a delicate balance of art and science. A penetration tester must be creative enough to think outside of the box to determine the best attack vector into his own network, and also be expert in using the literally hundreds of tools required to execute the plan. This book provides both the art and the science. The authors of the book are expert penetration testers who have developed many of the leading pen testing tools; such as the Metasploit framework. The authors allow the reader "inside their heads? to unravel the mysteries of thins like identify 606 $aComputer hackers 606 $aComputer networks$xSecurity measures 606 $aComputer security 606 $aElectronic information resources$xAccess control 608 $aElectronic books. 615 0$aComputer hackers. 615 0$aComputer networks$xSecurity measures. 615 0$aComputer security. 615 0$aElectronic information resources$xAccess control. 676 $a005.8 701 $aLong$b Johnny$0627580 801 0$bMiAaPQ 801 1$bMiAaPQ 801 2$bMiAaPQ 906 $aBOOK 912 $a9910450482603321 996 $aPenetration tester's open source toolkit$91463983 997 $aUNINA LEADER 01816oam 2200577 450 001 9910715354703321 005 20210420114124.0 035 $a(CKB)5470000002510487 035 $a(OCoLC)643141328$z(OCoLC)761390190 035 $a(OCoLC)995470000002510487 035 $a(EXLCZ)995470000002510487 100 $a20100623j197209 ua 0 101 0 $aeng 135 $aur||||||||||| 181 $ctxt$2rdacontent 182 $cc$2rdamedia 183 $acr$2rdacarrier 200 10$aExperimental investigation of the visual field dependency in the erect and supine positions /$fby Jacob H. Lichtenstein and Rayford T. Saucer 210 1$aWashington, D.C. :$cNational Aeronautics and Space Administration,$dSeptember 1972. 215 $a1 online resource (iii, 72 pages) $cillustrations 225 1 $aNASA/TN ;$vD-6883 300 $a"September 1972." 320 $aIncludes bibliographical references (page 12). 606 $aVisual fields$2nasat 606 $aSupine position$2nasat 606 $aEngineering$2fast 606 $aVisual perception$2fast 615 7$aVisual fields. 615 7$aSupine position. 615 7$aEngineering. 615 7$aVisual perception. 700 $aLichtenstein$b Jacob H.$01415842 702 $aSaucer$b Rayford T. 712 02$aUnited States.$bNational Aeronautics and Space Administration, 801 0$bAD# 801 1$bAD# 801 2$bAD# 801 2$bOCLCQ 801 2$bOCLCE 801 2$bOCLCQ 801 2$bOCLCF 801 2$bOCLCQ 801 2$bOCLCO 801 2$bOCLCQ 801 2$bGPO 801 2$bOCLCO 801 2$bGPO 906 $aBOOK 912 $a9910715354703321 996 $aExperimental investigation of the visual field dependency in the erect and supine positions$93519029 997 $aUNINA